|
|
|
|
| LEADER |
01163nam a2200277 a 4500 |
| 001 |
3278502 |
| 008 |
090824r19971983enka 000 0 eng d |
| 010 |
|
|
|a 82014716
|
| 020 |
|
|
|a 0521285283 (student's book)
|
| 020 |
|
|
|a 0521285291 (teacher's manual)
|
| 020 |
|
|
|a 0521242118 (cassette)
|
| 040 |
|
|
|a DLC
|c DLC
|d DLC
|
| 082 |
0 |
0 |
|a 428.3/4
|2 19
|
| 100 |
1 |
|
|a Jones, Leo,
|d 1943-
|
| 245 |
1 |
0 |
|a Functions of American English :
|b communication activities for the classroom : student's book /
|c Leo Jones, C. von Baeyer.
|
| 260 |
|
|
|a Cambridge [Cambridgeshire] ;
|a New York :
|b Cambridge University Press,
|c 1983.
|
| 300 |
|
|
|a vi, 150 p. :
|b ill. ;
|c 26 cm.
|
| 541 |
1 |
|
|e 00011354
|
| 650 |
|
0 |
|a English language
|x Textbooks for foreign speakers.
|
| 650 |
|
0 |
|a English language
|x Conversation and phrase books.
|
| 650 |
|
0 |
|a Communication
|x Problems, exercises, etc.
|
| 650 |
|
0 |
|a Americanisms.
|
| 700 |
1 |
|
|a Von Baeyer, C.
|
| 852 |
4 |
|
|a Ayesha Abed Library
|j General Shelf.
|
| 999 |
|
|
|c 3520
|d 3520
|
| 952 |
|
|
|0 0
|1 0
|2 ddc
|4 0
|6 428_340000000000000_JON_1997
|7 0
|9 3196
|a BRACUL
|b BRACUL
|c GEN
|d 2009-09-02
|g 1000.00
|l 6
|m 40
|o 428.34 JON
|p 3010011354
|r 2022-08-01
|s 2022-05-31
|t 1
|w 2009-09-02
|y BK
|